000 00508nam a22001697a 4500
999 _c8390
_d8390
008 201117b ||||| |||| 00| 0 eng d
040 _aBMS College of Architecture
100 _aMeda, S Shravan
245 _aOlympic sports training facility
300 _aNA
500 _a1BM15AT098
502 _8B,Arch
_NBMS College of Architecture, Visvesvaraya Technological University (VTU)
_aProject report
_d2019
650 _aSports
700 _aJeeno George
_eGuide
700 _aRema
_eGuide
942 _2ddc
_cTHE